<?xml version="1.0" encoding="UTF-8"?>
<record
    xmlns:xsi="http://www.w3.org/2001/XMLSchema-instance"
    xsi:schemaLocation="http://www.loc.gov/MARC21/slim http://www.loc.gov/standards/marcxml/schema/MARC21slim.xsd"
    xmlns="http://www.loc.gov/MARC21/slim">

  <leader>00442nam a2200169Ia 4500</leader>
  <controlfield tag="008">230718s9999    xx            000 0 und d</controlfield>
  <datafield tag="020" ind1=" " ind2=" ">
    <subfield code="a">9781259062957</subfield>
  </datafield>
  <datafield tag="041" ind1=" " ind2=" ">
    <subfield code="a">eng</subfield>
  </datafield>
  <datafield tag="082" ind1=" " ind2=" ">
    <subfield code="a">621.319'2</subfield>
    <subfield code="b">SIN</subfield>
  </datafield>
  <datafield tag="100" ind1=" " ind2=" ">
    <subfield code="a">Singh R.R.</subfield>
    <subfield code="9">170967</subfield>
  </datafield>
  <datafield tag="245" ind1=" " ind2=" ">
    <subfield code="a">Network Analysis And Synthesis</subfield>
  </datafield>
  <datafield tag="260" ind1=" " ind2=" ">
    <subfield code="c">2017</subfield>
    <subfield code="b">McGraw Hill</subfield>
  </datafield>
  <datafield tag="300" ind1=" " ind2=" ">
    <subfield code="a">1200</subfield>
  </datafield>
  <datafield tag="365" ind1=" " ind2=" ">
    <subfield code="c">Rs.</subfield>
    <subfield code="b">475.00</subfield>
  </datafield>
  <datafield tag="700" ind1=" " ind2=" ">
    <subfield code="a">Singh R.R.</subfield>
    <subfield code="9">170967</subfield>
  </datafield>
  <datafield tag="906" ind1=" " ind2=" ">
    <subfield code="d">B:IN142117-Sep-2013</subfield>
    <subfield code="c">ETC </subfield>
    <subfield code="b">5353.25</subfield>
  </datafield>
  <datafield tag="999" ind1=" " ind2=" ">
    <subfield code="c">333596</subfield>
    <subfield code="d">333596</subfield>
  </datafield>
  <datafield tag="952" ind1=" " ind2=" ">
    <subfield code="0">0</subfield>
    <subfield code="1">0</subfield>
    <subfield code="4">0</subfield>
    <subfield code="7">0</subfield>
    <subfield code="a">CCEP</subfield>
    <subfield code="b">CCEP</subfield>
    <subfield code="d">2013-10-03</subfield>
    <subfield code="e">Pradeep Book Distributors</subfield>
    <subfield code="f">ETC </subfield>
    <subfield code="g">365.75</subfield>
    <subfield code="i">IN1421</subfield>
    <subfield code="l">0</subfield>
    <subfield code="o">621.319'2</subfield>
    <subfield code="p">CCEP-BK-44803</subfield>
    <subfield code="r">2023-07-18 00:00:00</subfield>
    <subfield code="t">5353.25</subfield>
    <subfield code="v">475.00</subfield>
    <subfield code="w">2013-09-17</subfield>
    <subfield code="y">BK</subfield>
    <subfield code="z">044803</subfield>
  </datafield>
</record>
